Statistics for Taylor Swift No. 1 Hits

Click here to take the quiz!

General Stats

  • This quiz has been taken 22 times
  • The average score is 9 of 11

Answer Stats

HintAnswer% Correct
1989Shake It Off
100%
MidnightsAnti-Hero
94%
1988Blank Space
94%
reputationLook What You Made Me Do
94%
folklorecardigan
89%
LoverCruel Summer
89%
Red (Taylor's Version)All Too Well (10 Minute Version) (From The Vault)
83%
1989Bad Blood (ft. Kendrick Lamar)
83%
evermorewillow
78%
1989 (Taylor's Version)Is It Over Now? (From The Vault)
67%
RedWe Are Never Ever Getting Back Together
61%

Score Distribution

Percentile by Number Answered

Percent of People with Each Score

Your Score History

You have not taken this quiz